000 00765nam a2200229Ii 4500
003 JO-AjNU
008 230605s9999||||xx |||||||||||||| ||und||
017 _a2005/12/2803
020 _a9957-09-229-4
040 _aJO-AjNU
_bara
_erda
_cJO-AjNU
041 _aara
050 1 4 _aPJ7810.D8.Z86 2006
100 3 _aتأليف الرواشدة،سامح,
_eauthor
_913418
245 0 0 _aفي الأفق الأدونيسي: دراسة في تحليل الخطاب الشعري
250 _aط1
264 3 1 _aعمان:أزمنة للنشر والتوزيع،2006
300 _a158ص
336 _atext
_btxt
_2rdacontent
337 _aunmediated
_bn
_2rdamedia
338 _avolume
_bnc
_2rdacarrier
650 4 _a الشعر العربي - تاريخ ونقد
_913419
999 _aA3336
_c6904
_d6904